| 000 | 00331nam a2200121Ia 4500 | ||
|---|---|---|---|
| 008 | 210430s9999 xx 000 0 und d | ||
| 082 | _a823 A175 T | ||
| 100 | _aSurjeet publications | ||
| 245 |
_aChinua Achebe Things Fall Apart _cSurjeet publications |
||
| 260 |
_aIndia _bS.S.Chhabara _c1959 |
||
| 300 | _a215p | ||
| 942 |
_cBK _2ddc |
||
| 999 |
_c562507 _d562507 |
||